Statistics for 2-Syllable Rhyming Answers #3

Click here to take the quiz!

General Stats

  • This quiz has been taken 9,536 times
  • The average score is 14 of 20

Answer Stats

HintAnswer% Correct
Hilarious currencyFunny Money
94%
Tinkerbell in need of a haircutHairy Faerie
89%
Snowstorm caused by GandalfWizard Blizzard
85%
Person who battles authorsWriter Fighter
85%
Less expensive broomCheaper Sweeper
82%
Less intelligent pipe workerDumber Plumber
81%
A tale of blood and gutsGory Story
79%
Person who strikes Eminem
with his palm
Rapper Slapper
78%
Problems with the space telescopeHubble Trouble
71%
Mafia crustaceanLobster Mobster
70%
Abominable snowman after
a tough workout
Sweaty Yeti
69%
Defamation of a male gooseGander Slander
67%
Subway coin that doesn't workBroken Token
65%
Pram that is powered by the sunSolar Stroller
64%
Gherkin that can't make up its mindFickle Pickle
62%
Somebody who chokes fishermenAngler Strangler
53%
Confectionary that has been
to the beach
Sandy Candy
51%
English muffin shaped like a cornetTrumpet Crumpet
39%
Strange stogieBizarre Cigar
36%
South American animal that
has given birth
Momma Llama
36%

Score Distribution

Percentile by Number Answered

Percent of People with Each Score

Your Score History

You have not taken this quiz